| Tag |
First Indicator |
Second Indicator |
Subfields |
| LEADER |
00000cam a2200000 a 4500 |
| 001 |
in00000841321 |
| 005 |
20151019054208.0 |
| 008 |
840401s1983 orua f00000 eng d |
| 010 |
|
|
|a gp 84011842
|
| 035 |
|
|
|a (OCoLC)10588041
|
| 035 |
|
|
|9 AEA6604AM
|
| 040 |
|
|
|a GPO
|c GPO
|d UtOrBLW
|
| 043 |
|
|
|a n-usw--
|
| 074 |
|
|
|a 84
|
| 086 |
0 |
|
|a A 13.2:D 63/4/brown cr
|
| 245 |
0 |
0 |
|a Brown crumbly rot.
|
| 264 |
|
1 |
|a [Portland, Or.?] :
|b U.S. Dept. of Agriculture, Forest Service, Pacific Northwest Region,
|c [1983?]
|
| 300 |
|
|
|a 1 leaf :
|b color illustrations ;
|c 28 cm.
|
| 336 |
|
|
|a text
|b txt
|2 rdacontent
|
| 337 |
|
|
|a unmediated
|b n
|2 rdamedia
|
| 338 |
|
|
|a sheet
|b nb
|2 rdacarrier
|
| 490 |
1 |
|
|a Forest disease management notes
|
| 500 |
|
|
|a Caption title.
|
| 650 |
|
0 |
|a Plant diseases
|z Northwest, Pacific.
|
| 650 |
|
0 |
|a Conifers
|x Diseases and pests
|z Northwest, Pacific.
|
| 650 |
|
0 |
|a Fungi
|z Northwest, Pacific
|x Spores.
|
| 710 |
1 |
|
|a United States.
|b Forest Service.
|b Pacific Northwest Region.
|
| 830 |
|
0 |
|a Forest disease management notes.
|
| 999 |
|
|
|a MARS
|
| 999 |
f |
f |
|s 1287a80e-4bf4-3647-bbd6-363e18eb8429
|i bb62f6dd-401f-3b38-8f6b-2796966e6615
|t 0
|
| 952 |
f |
f |
|p normal
|a Texas A&M University
|b College Station
|c Sterling C. Evans Library
|d Evans: US Documents (Annex 5th floor)
|t 0
|e A 13.2:D 63/4/brown cr
|h Superintendent of Documents classification
|i unmediated -- sheet
|m A14813541096
|
| 998 |
f |
f |
|a A 13.2:D 63/4/brown cr
|t 0
|l Evans: US Documents (Annex 5th floor)
|